All South China Sea Cities 4M+ - Statistics

General Stats
  • This quiz has been taken 46 times
  • The average score is 8 of 11
Answer Stats
Country City Population % Correct
Vietnam Ho Chi Minh City 8.9 million
100%
Philippines Manila 18.6 million
100%
Singapore Singapore 5.7 million
100%
China Hong Kong 7.5 million
97%
China Guangzhou 15.3 million
94%
China Shenzhen 12.5 million
83%
China Xiamen 4.2 million
72%
China Shantou 4.4 million
56%
China Dongguan 10.9 million
50%
China Foshan 7.1 million
44%
China Zhangzhou 5.1 million
25%
No matching quizzes found
Score Distribution
Percent of People with Each Score
Percentile by Number Answered
Your Score History
You have not taken this quiz